GSM сигнализация на основе модуля SIM900 Quad-Band GSM GPRS Shield и AVR микроконтроллера; Молодежь и современные информационные технологии

Détails bibliographiques
Parent link:Молодежь и современные информационные технологии.— 2013.— [С. 211-213]
Auteur principal: Черных А. А.
Résumé:Заглавие с титульного экрана
Langue:russe
Publié: 2013
Collection:Автоматизация и управление в технических системах
Sujets:
Accès en ligne:http://earchive.tpu.ru/handle/11683/70433
http://www.lib.tpu.ru/fulltext/c/2013/C04/094.pdf
Format: Électronique Chapitre de livre
KOHA link:https://koha.lib.tpu.ru/cgi-bin/koha/opac-detail.pl?biblionumber=603756

MARC

LEADER 00000naa2a2200000 4500
001 603756
005 20260204133723.0
035 |a (RuTPU)RU\TPU\conf\955 
035 |a RU\TPU\conf\953 
090 |a 603756 
100 |a 20140204d2013 k y0rusy50 ca 
101 0 |a rus 
102 |a RU 
135 |a drnn ---uucaa 
181 0 |a i  
182 0 |a b 
200 1 |a GSM сигнализация на основе модуля SIM900 Quad-Band GSM GPRS Shield и AVR микроконтроллера  |f А. А. Черных 
203 |a Текст  |c электронный 
225 1 |a Автоматизация и управление в технических системах 
300 |a Заглавие с титульного экрана 
320 |a [Библиогр.: с. 213 (4 назв.)] 
337 |a Adobe Reader 
463 1 |0 (RuTPU)RU\TPU\conf\515  |t Молодежь и современные информационные технологии  |o сборник трудов XI Международной научно-практической конференции студентов, аспирантов и молодых ученых, г. Томск, 13-16 ноября 2013 г.  |f Национальный исследовательский Томский политехнический университет (ТПУ) ; под ред. Е. А. Сикоры и др.  |v [С. 211-213]  |d 2013 
610 1 |a труды учёных ТПУ 
610 1 |a электронный ресурс 
610 1 |a GSM 
610 1 |a сигнализация 
610 1 |a SIM900 
610 1 |a микроконтроллеры 
610 1 |a AVR 
700 1 |a Черных  |b А. А. 
801 2 |a RU  |b 63413507  |c 20220328  |g RCR 
856 4 |u http://earchive.tpu.ru/handle/11683/70433 
856 4 |u http://www.lib.tpu.ru/fulltext/c/2013/C04/094.pdf 
942 |c CF